000 01022nam a2200277 4500
001 0000013852
003 CO-CtgCURN
005 20250514203426.0
007 ta
008 160627s1991 000 0 eng d
020 _a9586161579
040 _aCO-CtgCURN
_bspa
_ccoctgcurn
082 0 _a346.045
_bE77e
245 0 0 _aEstatutos jurídicos de las capitales y areas metropolitanas /
_cRicardo Pablo Roca ... [et al.].
260 _aBogotá :
_bUniversidad Externado de Colombia,
_c1991.
300 _a291 p.
336 _2rdacontent
337 _2rdamedia
_asin mediacion
_bn
338 _2rdacarrier
_avolumen
_bnc
505 8 _aEstatuto de la capital.--Areas metropolitanas en colombia.--Areas metropolitanos, legislacion colombia.--Urbanismo, legislacion, colombia.--Desarrollo urbano
650 1 4 _aCiudades capitales
_vLegislacion.
700 1 _aPablo Roca, Ricardo.
908 _a160627
942 _cBK
_h346.045
_iE77e
_2ddc
_n0
999 _c20172
_d20172